Digital Technologies DT'2005 : International workshop : December 2, 2005 Zilina - Slovak Republic

Bibliographic Details
Corporate Author: Digital Technologies Žilina, Slovensko
Format: Conference Proceeding Book
Language:English
PhysicalDescription:116 s. grafy, sch., tab. 29 cm
Published: Žilina [University of Žilina 2005]
ISBN:8080704864 (brož.)
Edition:1st ed.
Subjects:

MARC

LEADER 00000nam a2200000 a 4500
001 vtls008888285
003 SK-MaSNL
005 20260301080544.0
008 160610s2006 xo dal f 100 0 eng
015 |a SNBA2007/01-00224 
020 |a 8080704864 (brož.) 
035 |a C659DB94-61BC-4785-BC13-93B8B0185659 
035 |a urn:nbn:sk:snk-amkswi 
035 |a urn:nbn:sk:snk-am00572f 
040 |a SNK  |b slo  |c SNK  |e AACR2 
041 0 |a eng  |b eng 
044 |a xo  |c SK 
072 7 |a 621.3  |x Elektrotechnika  |2 konspekt 
080 |a 621.3.037.37  |2 2001 
080 |a (062.534)  |2 2001 
111 2 |a Digital Technologies  |n (2. :  |d 2005 :  |c Žilina, Slovensko)  |9 93751 
245 1 0 |a Digital Technologies  |b DT'2005 : International workshop : December 2, 2005 Zilina - Slovak Republic 
250 |a 1st ed. 
260 |a Žilina  |b [University of Žilina  |c 2005] 
300 |a 116 s.  |b grafy, sch., tab.  |c 29 cm 
500 |a Fotogr. na tit. strane. Vydav. podľa ISBN 
504 |a Bibliogr. odkazy 
546 |a Res. angl. 
650 0 7 |a digitálna technika  |2 SNKPH  |9 66696 
655 7 |a zborníky konferencií  |2 SNKPH  |9 70153 
919 |a 80-8070-486-4 
958 |a OND 
958 |a NB 
968 |d 62 
999 |c 653513  |d 655443 
952 |a SNK  |b SNK  |y PREZ  |7 0  |p 17A0531664  |o snkSB 73385  |i snk2006/25297  |8 0  |0 0  |1 0  |4 0  |d 2006-12-06  |l 0  |r 2025-04-28 00:00:00  |w 2026-02-23 
952 |a SNK  |b SNK  |y VYP  |7 0  |p 17A0531665  |o snkSB 73385 D1  |i snk2006/25298  |8 0  |0 0  |1 0  |4 0  |d 2006-12-06  |f 1  |l 0  |r 2016-06-30 00:00:00  |w 2026-02-23